| 000 | 01610nam a22002177a 4500 | ||
|---|---|---|---|
| 003 | OSt | ||
| 005 | 20251113170013.0 | ||
| 008 | 251113b |||||||| |||| 00| 0 eng d | ||
| 040 | _cDCL | ||
| 082 | _aT-1 Ph.D. | ||
| 100 | 0 |
_aUttama Nanda, Rev _bHD/Ph.D./11/12/043 |
|
| 245 | 1 |
_a A Comprehensive Study of 'Anysaya' in Theravadā Buddhism / _cRev. Uttama Nanda. |
|
| 264 |
_aSri Lanka : _bUniversity of Peradeniya, _c2015. |
||
| 300 |
_axvi, 334 pages : _c29 cm. |
||
| 500 | _aIncludes bibliographies. | ||
| 502 |
_aIn this Dissertation Consists of Five Chapters. The first chapter that the reader may grasp the roles of latent tendency and its controversial issues. The Second chapter provides a focus centered to the related terms with the latent tendency to advance our investigations, In the third and chapters, a deeper and wider survey on latent tendency from the perspective of ' Suttanata and Abhidhamma' are Scrutinized respectively. The last chapter pays due attention on how to overcome the latent tendency whilst the conclusion section gives the complete and final solutions to comprehend the latent tendency from the ' Theravāda ' Standpoint. _bPh.D. _cUniversity of Peradeniya, _d2015. |
||
| 505 | _aChapter I : General View on the Concept of Anusaya. Chaprter II : A Comparative study of Anusaya and Its Related Terms. Chapter III : A Critical Study of Anusaya in Sutta Piṭak. Chapter IV : Anusaya in Abhidhamma Piṭaka. Chapter V : Overcoming Anusaya. Conclusion. Bibliography. | ||
| 650 | _aPh.D. Dissertation | ||
| 650 |
_aAnusaya _vTheravada Buddhism. |
||
| 942 |
_2ddc _cTHS _n0 |
||
| 999 |
_c2466 _d2466 |
||